Encuentro latinoamericano por la democracia y la integración : (Registro nro. 7107)
[ vista simple ]
| 000 -LEADER | |
|---|---|
| fixed length control field | 01072nam a22002297a 4500 |
| 003 - CONTROL NUMBER IDENTIFIER | |
| control field | OSt |
| 005 - DATE AND TIME OF LATEST TRANSACTION | |
| control field | 20210204140842.0 |
| 008 - FIXED-LENGTH DATA ELEMENTS--GENERAL INFORMATION | |
| fixed length control field | 210204s1990 ck co|gr|||| 00| 0dspa d |
| 020 ## - INTERNATIONAL STANDARD BOOK NUMBER | |
| International Standard Book Number | 958953720 |
| 040 ## - CATALOGING SOURCE | |
| Original cataloging agency | CO-JMCR |
| Transcribing agency | CO-JMCR |
| 041 0# - LANGUAGE CODE | |
| Language code of text/sound track or separate title | spa |
| 082 04 - DEWEY DECIMAL CLASSIFICATION NUMBER | |
| Classification number | 320.986 / |
| Item number | E562e |
| Edition number | 23 |
| 111 1# - MAIN ENTRY--MEETING NAME | |
| Meeting name or jurisdiction name as entry element | Encuentro latinoamericano por la democracia y la integración |
| Location of meeting | (Bogotá ; |
| Subordinate unit | Agosto 15 a 18 de 1998) |
| 9 (RLIN) | 13043 |
| 245 1# - TITLE STATEMENT | |
| Title | Encuentro latinoamericano por la democracia y la integración : |
| Remainder of title | homenaje a Luis Carlos Galán / |
| Statement of responsibility, etc. | Fundación Luis Carlos Galán Sarmiento |
| 260 ## - PUBLICATION, DISTRIBUTION, ETC. | |
| Place of publication, distribution, etc. | Bogotá : |
| Name of publisher, distributor, etc. | La fundación, |
| Date of publication, distribution, etc. | 1991 |
| 300 ## - PHYSICAL DESCRIPTION | |
| Extent | 234 páginas : |
| Other physical details | ilustraciones, retratos y fotografías a blanco y negro ; |
| Dimensions | 24 cm. |
| 505 ## - FORMATTED CONTENTS NOTE | |
| Formatted contents note | Intervenciones en directo por televisión vía satélite -- Intervenciones |
| 650 24 - SUBJECT ADDED ENTRY--TOPICAL TERM | |
| Topical term or geographic name entry element | Galán Sarmiento, Luis Carlos, |
| Form subdivision | Homenajes póstumos |
| Chronological subdivision | 1943-1989 |
| 9 (RLIN) | 13044 |
| 650 24 - SUBJECT ADDED ENTRY--TOPICAL TERM | |
| Topical term or geographic name entry element | América Latina |
| Form subdivision | Congresos, conferencias |
| General subdivision | Integración económica |
| 9 (RLIN) | 13045 |
| 651 24 - SUBJECT ADDED ENTRY--GEOGRAPHIC NAME | |
| Geographic subdivision | Colombia |
| Form subdivision | Congresos, conferencias |
| General subdivision | Política y gobierno |
| 9 (RLIN) | 13046 |
| 942 ## - ADDED ENTRY ELEMENTS (KOHA) | |
| Source of classification or shelving scheme | Dewey Decimal Classification |
| Koha item type | Books |
| Withdrawn status | Lost status | Source of classification or shelving scheme | Damaged status | Not for loan | Home library | Current library | Shelving location | Date acquired | Source of acquisition | Total Checkouts | Full call number | Barcode | Date last seen | Copy number | Price effective from | Koha item type |
|---|---|---|---|---|---|---|---|---|---|---|---|---|---|---|---|---|
| Dewey Decimal Classification | Biblioteca Pública José María del Castillo y Rada | Biblioteca Pública José María del Castillo y Rada | General Stacks | 10/02/2020 | Donación | 320.986 / E562e | 201810498 | 05/16/2024 | Ej.1 | 10/02/2020 | Books |